Vlajky zemí začínající na K - Statistics

General Stats
  • This quiz has been taken 116 times
    115 since last reset
  • The average score is 12 of 17
Answer Stats
Picture Answer % Correct
Kanada
100%
Kypr
94%
Kazachstán
91%
Kolumbie
91%
Katar
89%
Keňa
89%
Kuba
87%
Kambodža
76%
Kamerun
71%
Kosovo
70%
Kuvajt
65%
Kostarika
57%
Kyrgyzstán
54%
Kiribati
51%
Konžská republika
46%
Kapverdy
44%
Komory
38%
No matching quizzes found
Score Distribution
Percent of People with Each Score
Percentile by Number Answered
Your Score History
You have not taken this quiz since the last reset